Statistiques concernant Paroles - Amour Censure - Hoshi

Cliquez ici pour prendre le quiz!

Statistiques générales

  • Ce quiz a été pris 337 fois
  • Le résultat moyen est 187 sur 235

Statistiques - réponses

Paroles% Correct
à
99%
a
99%
ce
97%
de
95%
le
95%
pas
95%
s'en
95%
Un
95%
un
95%
et
94%
la
94%
que
94%
les
93%
Les
93%
je
92%
Au
91%
en
91%
se
91%
Se
91%
ta
91%
C'est
90%
c'est
90%
dire
88%
dire,
88%
Maman
88%
qui
88%
mes
87%
sûr
87%
te
87%
j'ai
86%
J'ai
86%
peu
86%
Avec
85%
censure
85%
Est-
85%
finir
85%
Il
85%
jour
84%
ne
84%
par
84%
sentiments
84%
faire
83%
Faire
83%
n'y
83%
placard
83%
qu'on
83%
Qu'on
83%
va
83%
d'amour
82%
haine
82%
injures
82%
Papa
82%
pour
82%
Pour
82%
sincère
82%
s'aime
81%
une
81%
du
80%
rien
80%
semblant
80%
d'l'amour
78%
leur
78%
mentir
77%
plus
77%
quelqu'un
77%
impur
76%
j'vais
76%
part,
76%
On
75%
Surtout
75%
meilleur
74%
pire
74%
tes
74%
être
73%
Être
73%
mais
73%
pris
73%
dormir
72%
longtemps
72%
main
72%
tout
71%
viendra
71%
désolée,
70%
juste
70%
vrai,
70%
calmants
69%
coeur
69%
j'pense
69%
J'voulais
69%
j'voulais
69%
bout
68%
tous
68%
bonnes
67%
donné
67%
entre
67%
J'prendrai
67%
manières
67%
violent
67%
deux
66%
pierres
66%
dur
65%
J'suis
65%
l'allure
65%
m'attire
65%
Moi
65%
navire,
65%
penchant
65%
travers
65%
coule
64%
dents
64%
doucement
64%
fleur
64%
nourrir
64%
partir
64%
s'arracher
64%
désirs
63%
famille
63%
j'veux
63%
m'endormir
63%
fout
62%
suis
62%
poussé
61%
bat
60%
appris
59%
aussi
59%
d'effacer
59%
m'ont
59%
niqué
59%
rumeur
59%
taire
59%
mots
58%
sont
58%
vraiment
57%
courir
56%
près
55%
sans
55%
tranchants
55%
Vos
53%
dépassée
52%
Travestir
52%
souffrant
50%
coups
49%
souffre
49%
Ils
48%
t'inquiète
46%
docteur
45%
cherchent
42%

Distribution des résultats

Percentile par nombre de réponses

% des personnes avec chaque résultat

Votre développement - résultats

Vous n’avez pas pris ce quiz